000 01510nam a2200457 i 4500
001 7198
003 KOSZ 005
005 20210216144409.0
008 071103s1971 pl a f f |000 0 pol
015 _aUWD 1971/11537
035 _a991038007439705066
035 _a(PL-WaBN)b20183495-48omnis_nlop
035 _ab20183495
035 _a(OCoLC)839053400
035 _a(PL)b0000002018349
035 _a(EXLNZ-48OMNIS_NETWORK)9910229913105606
040 _aWA N
_cWA N
_dKOSZ 005/HR
046 _k1971
080 _a621.791/.795
100 1 _aSłużalec, Adolf
_d(1927-2003)
_eAutor
245 1 0 _aTechnologia spajalnictwa gazowego.
_nCz. 1,
_pGazy i urządzenia do spawania /
_cAdolf Służalec.
246 3 0 _aGazy i urządzenia do spawania
260 _aCzęstochowa :
_bPolitechnika Częstochowska,
_c1971.
300 _a187 s. :
_bil. ;
_c23 cm.
336 _aTekst
_btxt
_2rdacontent
337 _aBez urządzenia pośredniczącego
_bn
_2rdamedia
338 _aWolumin
_bnc
_2rdacarrier
380 _aKsiążki
388 _a1901-2000
388 _a1945-1989
504 _aBibliogr.
650 7 _aGazy
_2DBN
650 7 _aZastosowanie i wykorzystanie
650 7 _aSpawalnictwo
_2DBN
650 7 _aUrządzenia
655 7 _aPodręczniki akademickie
_2DBN
658 _aInżynieria i technika
856 _uhttp://koha.tu.koszalin.pl/cgi-bin/koha/opac-detail.pl?biblionumber=7198
_yKatalog online BPK
942 _2UKD
_cKS
999 _c7198
_d7198